Electoral practice and the Election Commission of India : (Record no. 760944)

MARC details
000 -LEADER
fixed length control field 01897cam a22002058i 4500
020 ## - INTERNATIONAL STANDARD BOOK NUMBER
ISBN 9781009346863
082 00 - DEWEY DECIMAL CLASSIFICATION NUMBER
Classification number R 324.954 KAT/E
Edition number 23/eng/20230520
100 1# - MAIN ENTRY--AUTHOR NAME
Personal name Katju, Manjari,
Relator term author.
245 10 - TITLE STATEMENT
Title Electoral practice and the Election Commission of India :
Sub Title politics, institutions and democracy /
Statement of responsibility, etc by Manjari Katju.
260 ## - PUBLICATION, DISTRIBUTION, ETC. (IMPRINT)
Place of publication . - UK
Name of publisher : Cambridge University Press
Year of publication , 2023
300 ## - PHYSICAL DESCRIPTION
Number of Pages xiii+250 pages
504 ## - BIBLIOGRAPHY, ETC. NOTE
Bibliography, etc Includes bibliographical references and index.
505 0# - FORMATTED CONTENTS NOTE
Formatted contents note Introduction : institutions, institutionalisation and politics -- A transforming India and the role of the Election Commission -- The Election Commission : leading the electoral administration -- Political parties, the event of elections and the Election Commission -- Contestant information and voters' rights -- Election violence -- Campaign funding and spending -- Initiatives to raise voter participation -- Conclusion.
520 ## - SUMMARY, ETC.
Summary, etc "This book offers an insight into the contribution of the Election Commission of India (EC) to the Indian democratic process through its regulatory role in conducting elections between 1990 and 2019. It elaborates upon the EC's interactions with pivotal state institutions - the parliament, the Supreme Court and political parties - to streamline democratic procedures during the aforementioned period. It demonstrates a comparison between important electoral procedures in India and those in other liberal democracies (Canada, the United States, the United Kingdom and South Africa, among others) to highlight the role of electoral institutions in democratisation. It also studies the sociopolitical situatedness of the EC as a body that moulds the political culture in India"--
650 #0 - SUBJECT ADDED ENTRY--TOPICAL TERM
Topical Term Elections
Geographic subdivision India
650 #0 - SUBJECT ADDED ENTRY--TOPICAL TERM
Topical Term Political participation
Geographic subdivision India.
650 #0 - SUBJECT ADDED ENTRY--TOPICAL TERM
Topical Term Democracy
Geographic subdivision India.
942 ## - ADDED ENTRY ELEMENTS (KOHA)
Source of classification or shelving scheme Dewey Decimal Classification
Koha item type Reference
Holdings
Withdrawn status Lost status Source of classification or shelving scheme Damaged status Not for loan Home Library Current Location Shelving location Date acquired Full call number Accession Number Price effective from Koha item type
    Dewey Decimal Classification     Dept. of Political Science Dept. of Political Science Reference 23/01/2026 R 324.954 KAT/E POL23876 23/06/2026 Reference